Normal view
MARC view
- África
Entry Nombre Geográfico
001 - NÚMERO DE CONTROL
- campo de control: 12488
003 - IDENTIFICADOR DE NUMERO DE CONTROL
- campo de control: UPN
005 - FECHA Y HORA DE LA ÜLTIMA TRANSACCIÓN
- campo de control: 20220527184922.0
008 - DATOS DE LONGITUD FIJA
- campo de control de longitud fija: 220527nn acannaabn n ana d
035 ## - NÚMERO DE CONTROL
- Número de control: UPN10000012495
040 ## - FUENTE DE CATALOGACIÓN
- Lenguaje de catalogación: SPA
- Agencia de transcripción: UPN
- Agencia de catalogación original: UPN
151 ## - ENCABEZAMIENTO - NOMBRE GEOGRÁFICO
- Nombre geográfico: África
- Subdivisión de forma: Literatura juvenil
670 ## - FUENTE EN LA QUE SE LOCALIZARON DATOS
- Cita de la fuente: LC
- Información localizada: Africa - Juvenile literature
902 ## - CATALOGADOR
- Catalogador: BDV/040609
